Fe y piedad popular. Fuerza evangelizadora de la piedad popular. Las imágenes. Las bendiciones.

Gardado en:
Detalles Bibliográficos
Autor Principal: Galli, Carlos María (autor)
Outros autores: Movilla López, Secundino (autor)
Formato: Unknown
Publicado: Barcelona, España: Centre de Pastoral Litúrgica, 2015.
Edición:Primera edición
Series:Cuadernos Phase
Subjects:
Tags: Engadir etiqueta
Sen Etiquetas, Sexa o primeiro en etiquetar este rexistro!

MARC

LEADER 00000 a2200000 4500
003 CL-VaPUC
005 20221108151441.0
008 221020t2015 ||||| |||| 00| 0 eng d
999 |c 438841  |d 438839 
020 |a 978-84-9805-794-2 
040 |c Pontificia Universidad Católica de Valparaíso 
082 |2 22  |a 248.098 GAL 2015 
100 |a Galli, Carlos María  |9 593984  |e autor 
245 |a Fe y piedad popular.   |b Fuerza evangelizadora de la piedad popular. Las imágenes. Las bendiciones. 
250 |a Primera edición 
260 |a Barcelona, España:  |b Centre de Pastoral Litúrgica,  |c 2015. 
300 |a 105 páginas. 
490 |a Cuadernos Phase   |n  223. 
583 |k GC  |c 20221020 
650 0 |9 878179  |a Piedad católica popular  |x Cristianismo  |x Prácticas   |z América Latina 
650 0 |9 257089  |a Evangelización  |x Fe cristiana   |z América Latina  
700 |a Movilla López, Secundino  |9 465982  |e autor 
942 |2 ddc  |c BK 
952 |0 0  |1 0  |2 ddc  |4 0  |6 248_098000000000000_GAL_2015  |7 0  |8 A  |9 587330  |a BIBTEO  |b BIBTEO  |c GEN  |d 2022-10-17  |e 3  |g 16361.00  |i 5654672  |o 248.098 GAL 2015  |p 5654672  |r 2025-01-17  |t 1  |v 16361.00  |w 2022-10-17  |y BK  |k ICR